Vizualizácia jednoduchých útvarov pomocou OpenGL

Gespeichert in:
Bibliographische Detailangaben
1. Verfasser: Szöke, Kristián, 1977- (Verfasst von)
Weitere Verfasser: Kuník, Stanislav, 1982- (Betreuung Doktorarbeit)
Format: Manuskript Buch
Sprache:Slowakisch
Veröffentlicht: STU v Bratislave MTF UIAM, 2010
Schlagworte:
Online-Zugang:VAIS
Tags: Tag hinzufügen
Keine Tags, Fügen Sie das erste Tag hinzu!

MARC

LEADER 00000ntm a22000003a 4500
001 stu206731
005 20160719160222.9
008 100708s2010------------------------slo-d
040 |a STU  |b slo 
041 0 |a slo 
100 1 |a Szöke, Kristián,  |d 1977-  |4 aut  |X 31450  |7 A000031450 
242 0 0 |a Visualization of simple objects using OpenGL  |y eng 
245 1 |a Vizualizácia jednoduchých útvarov pomocou OpenGL 
260 |b STU v Bratislave MTF UIAM,  |c 2010 
650 7 |a DXF  |2 stusub 
650 7 |a AutoCAD  |2 stusub 
650 7 |a parser  |2 estusub 
650 7 |a Java  |2 stusub 
650 7 |a UML  |2 stusub 
650 7 |a vizualizácia  |2 stusub 
650 7 |a DXF  |2 stusub 
650 7 |a AutoCAD  |2 stusub 
650 7 |a parser  |2 estusub 
650 7 |a Java  |2 stusub 
650 7 |a UML  |2 stusub 
650 7 |a visualization  |2 estusub 
700 1 |a Kuník, Stanislav,  |d 1982-  |4 ths  |u M180  |U MTF Materiálovotechnologická fakulta  |T MTF Katedra aplikovanej informatiky a automatizácie  |X 4618  |U M180  |Y 166  |7 A000004618 
856 4 |a info a plný text  |u http://is.stuba.sk/zp/portal_zp.pl?podrobnosti=75228  |3 VAIS 
996 |c M*DP-9263  |l MMSKP  |s P  |a 0  |w stu206731_0001